Aguas minero-medicinales del manantial de Ntra. Sra. de la Esperanza y Fuentes de la Salud y San Juan del Balneario de Tortosa (Record no. 160105)

MARC details
000 -LEADER
campo de control de longitud fija 00843nam a22001695i 4500
001 - NÚMERO DE CONTROL
campo de control 160105
003 - IDENTIFICADOR DE NÚMERO DE CONTROL
campo de control ES-MaACL
005 - FECHA Y HORA DE LA ÚLTIMA TRANSACCIÓN
campo de control 20230906211932.0
008 - DATOS DE LONGITUD FIJA--INFORMACIÓN GENERAL
campo de control de longitud fija 040920s1890 sp a |||| | spa d
040 ## - FUENTE DE CATALOGACIÓN
Centro catalogador/agencia de origen CAM
Lengua de catalogación spa
Centro/agencia transcriptor CAM
100 1# - ENTRADA PRINCIPAL--NOMBRE DE PERSONA
Nombre de persona Montserrat y Archs, Juan.
9 (RLIN) 130118
245 10 - MENCIÓN DEL TÍTULO
Título Aguas minero-medicinales del manantial de Ntra. Sra. de la Esperanza y Fuentes de la Salud y San Juan del Balneario de Tortosa
Resto del título : memoria histórico científica y usos terapéuticos /
Mención de responsabilidad, etc. redactada por Juan Montserrat y Archs; y análisis químico analítico cualitativo y cuantitativo practicado por el químico Enrique Mir y Miró.
260 ## - PUBLICACIÓN, DISTRIBUCIÓN, ETC.
Lugar de publicación, distribución, etc. Barcelona :
Nombre del editor, distribuidor, etc. [s.n.],
Fecha de publicación, distribución, etc. 1890 (
Fabricante Imprenta de Pedro Ortega)
300 ## - DESCRIPCIÓN FÍSICA
Extensión 166 p., [1] h. pleg. de lám. ;
Dimensiones 22 cm.
650 #4 - PUNTO DE ACCESO ADICIONAL DE MATERIA--TÉRMINO DE MATERIA
Término de materia o nombre geográfico como elemento de entrada Aguas minerales-
Subdivisión geográfica Tortosa.
9 (RLIN) 135532
852 ## - LOCALIZACIÓN
Ubicación ES-MaACL
Número de control de estantería T-560-F-6
Nota libre -- Enc. hol.
Holdings
Estatus retirado Estado de pérdida Estado de daño No para préstamo Colección Biblioteca de origen Biblioteca actual Ubicación en estantería Fecha de adquisición Total de préstamos Signatura topográfica completa Código de barras Visto por última vez Precio de reemplazo Tipo de ítem Koha
        Colección de folletos Biblioteca del Ateneo de Madrid Biblioteca del Ateneo de Madrid Depósito folletos 17/01/2008   T-560-F-6 1167619 23/02/2023 23/02/2023 Folleto